[Event "4NCL Division 4 South"]
[Site "Reading, ENG"]
[Date "2016.11.26"]
[Round "1.61"]
[White "Goodwin, Ed H"]
[Black "Peck, Silas"]
[Result "1-0"]
[WhiteElo "1900"]
[BlackElo "2020"]
[PlyCount "163"]
[EventDate "2016.11.26"]
[WhiteTeam "Throw in the Tal 2"]
[BlackTeam "Anglian Avengers 3"]

1. d4 d5 2. Bf4 Nf6 3. e3 e6 4. Nf3 Be7 5. h3 O-O 6. Nbd2 Nbd7 7. Bd3 Re8 8.
O-O Nf8 9. c3 c6 10. Re1 Bd6 11. Ne5 Qe7 12. Bg5 h6 13. Bh4 g5 14. Bg3 Kg7 15.
f4 N6h7 16. Rf1 f6 17. Nef3 Bd7 18. Qe1 f5 19. fxg5 hxg5 20. Ne5 Ng6 21. Ndf3
Nxe5 22. Bxe5+ Kg8 23. Qg3 Bxe5 24. Nxe5 Qg7 25. Rf2 Re7 26. Raf1 Nf6 27. Qf3
Ne4 28. Bxe4 dxe4 29. Qd1 Rf8 30. Qb3 Kh7 31. Nxd7 Rxd7 32. Qxe6 Rf6 33. Qb3
Rdf7 34. Qd1 Qh6 35. Qe2 Qh4 36. Qe1 Kh8 37. Re2 Qh5 38. Rd2 g4 39. hxg4 fxg4
40. Rxf6 Rxf6 41. Qg3 Kh7 42. Rf2 Rxf2 43. Qxf2 Qg6 44. Qg3 b5 45. b3 a5 46.
Qc7+ Kg8 47. Kf2 a4 48. Kg3 axb3 49. axb3 Qe6 50. Qf4 Qxb3 51. Qxg4+ Kh8 52.
Qc8+ Kg7 53. Qxc6 b4 54. Qb7+ Kh8 55. Qxb4 Qg8+ 56. Kf2 Qd8 57. Ke2 Qg8 58. Kf2
Qd8 59. Qb1 Qc7 60. Qxe4 Qxc3 61. d5 Qd2+ 62. Kf3 Qd1+ 63. Kf4 Qf1+ 64. Ke5
Qa1+ 65. Qd4 Qa6 66. d6 Qb5+ 67. Ke6+ Kg8 68. Qd5 Qe8+ 69. Kf6+ Kh8 70. Qe6
Qg6+ 71. Ke7 Qg7+ 72. Kd8 Qg5+ 73. Qe7 Qa5+ 74. Qc7 Qg5+ 75. Kc8 Qxg2 76. d7
Qa8+ 77. Qb8 Qc6+ 78. Kd8 Qc5 79. Ke8 Qxe3+ 80. Kf7+ Kh7 81. Qg8+ Kh6 82. Qg6#
1-0

[Event "4NCL Division 4 South"]
[Site "Reading, ENG"]
[Date "2016.11.26"]
[Round "1.62"]
[White "Cocks, Elliot"]
[Black "Woolgar, Steven G"]
[Result "1-0"]
[WhiteElo "1915"]
[BlackElo "1757"]
[PlyCount "83"]
[EventDate "2016.11.26"]
[WhiteTeam "Anglian Avengers 3"]
[BlackTeam "Throw in the Tal 2"]

1. d4 Nf6 2. Nf3 d5 3. c4 e6 4. Nc3 Bb4 5. Qa4+ Nc6 6. Qc2 O-O 7. a3 Bxc3+ 8.
Qxc3 Bd7 9. Bg5 Ne4 10. Bxd8 Nxc3 11. Bxc7 Rfc8 12. Bf4 Ne4 13. cxd5 exd5 14.
e3 Na5 15. Bd3 f5 16. O-O Nb3 17. Rad1 a5 18. h3 h6 19. Bb1 g5 20. Be5 a4 21.
Bd3 g4 22. hxg4 fxg4 23. Nh4 Nbd2 24. Rfe1 Rf8 25. Re2 Nb3 26. f3 gxf3 27. gxf3
Ng5 28. Rg2 Kf7 29. f4 Ne4 30. Rg7+ Ke8 31. Ng6 Rf5 32. Rg8+ Kf7 33. Rxa8 Kxg6
34. Rg8+ Kf7 35. Rg7+ Ke8 36. Be2 h5 37. Kg2 Kd8 38. Rh1 Be8 39. Rxb7 Nbd2 40.
Rc1 Rf8 41. Rcc7 Rg8+ 42. Kh2 1-0

[Event "4NCL Division 4 South"]
[Site "Reading, ENG"]
[Date "2016.11.26"]
[Round "1.63"]
[White "Zarev, Dragomir"]
[Black "Sheerin, Alex"]
[Result "0-1"]
[WhiteElo "1720"]
[BlackElo "1825"]
[PlyCount "97"]
[EventDate "2016.11.26"]
[WhiteTeam "Throw in the Tal 2"]
[BlackTeam "Anglian Avengers 3"]

1. c4 Nf6 2. Nc3 g6 3. e4 d6 4. g3 Bg7 5. Bg2 O-O 6. Nge2 e5 7. O-O Be6 8. d3
c6 9. Kh1 Qd7 10. f4 Bh3 11. Bxh3 Qxh3 12. Ng1 Qd7 13. f5 Na6 14. Bg5 Nc7 15.
Bxf6 Bxf6 16. fxg6 fxg6 17. Qb3 Ne6 18. Nf3 Rf7 19. Kg2 Raf8 20. Ne2 Ng5 21.
Neg1 Bd8 22. c5 Kh8 23. cxd6 Rxf3 24. Rxf3 Nxf3 25. Nxf3 Qxd6 26. Rd1 Bb6 27.
Qc3 Bd4 28. Nxd4 exd4 29. Qc4 Qf6 30. Qc1 Qf3+ 31. Kg1 Qf2+ 32. Kh1 Qe2 33. Re1
Qxd3 34. Kg2 Qf3+ 35. Kh3 Re8 36. Qf4 Qh5+ 37. Kg2 Qe5 38. Qf7 d3 39. Qd7 Qxb2+
40. Kh3 Qe5 41. Qxd3 Qe6+ 42. Kg2 Qxa2+ 43. Re2 Qa1 44. Rf2 Qe5 45. Kf3 b5 46.
Ra2 Rf8+ 47. Kg2 Qf6 48. Rxa7 Qf2+ 49. Kh3 0-1

[Event "4NCL Division 4 South"]
[Site "Reading, ENG"]
[Date "2016.11.26"]
[Round "1.64"]
[White "Woodcock, Keith D"]
[Black "Jones, Howard"]
[Result "1-0"]
[WhiteElo "1727"]
[BlackElo "1652"]
[PlyCount "39"]
[EventDate "2016.11.26"]
[WhiteTeam "Anglian Avengers 3"]
[BlackTeam "Throw in the Tal 2"]

1. d4 Nf6 2. Nc3 d6 3. e4 g6 4. Bc4 Bg7 5. Bg5 O-O 6. Qd2 c6 7. Nf3 b5 8. Bd3
Qa5 9. O-O Re8 10. e5 Nfd7 11. exd6 exd6 12. Rfe1 Rxe1+ 13. Rxe1 Nf8 14. Qf4
Be6 15. Qxd6 Qb6 16. Ne5 a6 17. Ne4 Bd5 18. Nf6+ Bxf6 19. Bxf6 Ra7 20. Ng4 1-0

[Event "4NCL Division 4 South"]
[Site "Reading, ENG"]
[Date "2016.11.26"]
[Round "1.65"]
[White "Weaver, Simon"]
[Black "John, Adam"]
[Result "1/2-1/2"]
[WhiteElo "1540"]
[BlackElo "1667"]
[PlyCount "39"]
[EventDate "2016.11.26"]
[WhiteTeam "Throw in the Tal 2"]
[BlackTeam "Anglian Avengers 3"]

1. d4 Nf6 2. Bf4 d5 3. Nf3 g6 4. h3 Bg7 5. e3 O-O 6. Nbd2 b6 7. Be2 Bb7 8. O-O
Na6 9. Rc1 e6 10. a3 c5 11. c3 Rc8 12. Qa4 c4 13. Ne5 Qe8 14. Qc2 b5 15. g4 Nb8
16. h4 Qe7 17. Bf3 Nc6 18. Nxc6 Bxc6 19. g5 Nd7 20. Bg4 1/2-1/2

[Event "4NCL Division 4 South"]
[Site "Reading, ENG"]
[Date "2016.11.26"]
[Round "1.66"]
[White "John, Alan"]
[Black "Sweatman, Paul"]
[Result "1-0"]
[WhiteElo "1475"]
[BlackElo "1420"]
[PlyCount "95"]
[EventDate "2016.11.26"]
[WhiteTeam "Anglian Avengers 3"]
[BlackTeam "Throw in the Tal 2"]

1. e4 e5 2. Nf3 Nc6 3. Bc4 d6 4. h3 Be7 5. O-O h6 6. Nc3 Nf6 7. a3 a6 8. d3 Bd7
9. Be3 b5 10. Ba2 Qc8 11. Nd5 Nxd5 12. Bxd5 Rb8 13. Nh2 Bf6 14. Qh5 g6 15. Qf3
Qd8 16. Ng4 Bxg4 17. Bxc6+ Kf8 18. Qxg4 h5 19. Qd7 Qxd7 20. Bxd7 c5 21. Bc6 Rc8
22. Bb7 Rb8 23. Bd5 Rh7 24. b4 Be7 25. a4 c4 26. axb5 axb5 27. dxc4 bxc4 28. c3
Bd8 29. Ra8 Bc7 30. Rxb8+ Bxb8 31. Ra1 Kg7 32. Ra8 Rh8 33. Ba7 Bxa7 34. Rxa7
Kh6 35. Rxf7 h4 36. Rd7 Kg5 37. Rxd6 Rf8 38. Re6 Kh6 39. Rxe5 g5 40. Bxc4 Rd8
41. Bd5 Rc8 42. c4 Rb8 43. b5 Kg6 44. Re6+ Kg7 45. b6 Kf8 46. c5 Kg7 47. b7 Kf8
48. c6 1-0

[Event "4NCL Division 4 South"]
[Site "Reading, ENG"]
[Date "2016.11.26"]
[Round "1.71"]
[White "Davis, Lee"]
[Black "Kamath, Vikram"]
[Result "1/2-1/2"]
[WhiteElo "2030"]
[BlackElo "1907"]
[PlyCount "82"]
[EventDate "2016.11.26"]
[WhiteTeam "The Full Ponty"]
[BlackTeam "D&D Utd"]

1. d4 Nf6 2. g3 g6 3. Bg2 Bg7 4. Nf3 O-O 5. O-O d6 6. c4 Nc6 7. Nc3 e5 8. d5
Na5 9. Nd2 c5 10. a3 b6 11. b4 Nb7 12. Rb1 Ne8 13. e4 f5 14. f3 f4 15. Ne2 g5
16. g4 Rf6 17. Kf2 h5 18. h3 Rh6 19. Rh1 Nf6 20. Nc3 Bd7 21. Bb2 Kf7 22. Qe2
Qc7 23. Nb3 Rah8 24. Nb5 Bxb5 25. cxb5 hxg4 26. fxg4 Nd7 27. Rbc1 Ke7 28. Nd2
Nd8 29. Nf3 Nf7 30. Qc4 Bf6 31. Rcd1 Rc8 32. Rc1 Rch8 33. a4 Qb8 34. Ba3 Rc8
35. Qd3 Rhh8 36. bxc5 Nxc5 37. Bxc5 Rxc5 38. Rxc5 dxc5 39. Nd2 Nd6 40. Nc4 Nxc4
41. Qxc4 Kd6 1/2-1/2

[Event "4NCL Division 4 South"]
[Site "Reading, ENG"]
[Date "2016.11.26"]
[Round "1.72"]
[White "Sheikh, Nasarullah"]
[Black "Davies, Peter"]
[Result "0-1"]
[WhiteElo "1608"]
[BlackElo "2021"]
[PlyCount "100"]
[EventDate "2016.11.26"]
[WhiteTeam "D&D Utd"]
[BlackTeam "The Full Ponty"]

1. e4 e5 2. Nf3 Nc6 3. d4 exd4 4. Nxd4 Nf6 5. Nxc6 bxc6 6. e5 Qe7 7. Qe2 Nd5 8.
c4 Nb6 9. b3 a5 10. Ba3 Qe6 11. Bxf8 Rxf8 12. Nd2 a4 13. f4 f6 14. exf6 Rxf6
15. Qxe6+ Rxe6+ 16. Kf2 axb3 17. Nxb3 Rf6 18. c5 Rxf4+ 19. Kg3 Nd5 20. Bd3 Raa4
21. h3 g6 22. Rhe1+ Kf8 23. Re2 Ba6 24. Bxa6 Rxa6 25. Rae1 Rfa4 26. Rf1+ Kg7
27. Rff2 Ra8 28. Kh2 h5 29. Kg1 Rf8 30. Rxf8 Kxf8 31. Rd2 Ke7 32. Re2+ Kf6 33.
Rd2 Ke5 34. Kf2 d6 35. Re2+ Re4 36. Rc2 Nb4 37. Rd2 d5 38. a3 Na6 39. Na5 Nxc5
40. Nxc6+ Kd6 41. Nb4 Rxb4 42. axb4 Ne4+ 43. Ke3 Nxd2 44. Kxd2 c5 45. bxc5+
Kxc5 46. Kc3 d4+ 47. Kd3 Kd5 48. g3 g5 49. g4 hxg4 50. hxg4 Ke5 0-1

[Event "4NCL Division 4 South"]
[Site "Reading, ENG"]
[Date "2016.11.26"]
[Round "1.73"]
[White "Fletcher, John"]
[Black "Jaufarally, Nadia"]
[Result "1-0"]
[WhiteElo "1995"]
[BlackElo "1638"]
[PlyCount "39"]
[EventDate "2016.11.26"]
[WhiteTeam "The Full Ponty"]
[BlackTeam "D&D Utd"]

1. d4 Nf6 2. Nc3 e6 3. e4 Bb4 4. e5 Nd5 5. Qg4 g6 6. a3 Be7 7. Nxd5 exd5 8. Qf3
c6 9. Bd3 d6 10. exd6 Bxd6 11. Bh6 Nd7 12. O-O-O Nb6 13. Nh3 Be6 14. Ng5 Be7
15. Nxe6 fxe6 16. Qg4 Qd7 17. Rhe1 Bf6 18. Rxe6+ Kf7 19. Rxf6+ Kxf6 20. Qf4+
1-0

[Event "4NCL Division 4 South"]
[Site "Reading, ENG"]
[Date "2016.11.26"]
[Round "1.74"]
[White "Sheikh, Anum"]
[Black "Adams, Mark"]
[Result "0-1"]
[WhiteElo "1479"]
[BlackElo "1965"]
[PlyCount "52"]
[EventDate "2016.11.26"]
[WhiteTeam "D&D Utd"]
[BlackTeam "The Full Ponty"]

1. e4 c5 2. Nf3 a6 3. d4 cxd4 4. Nxd4 Nf6 5. Nc3 e5 6. Nf3 Bb4 7. Bd3 d5 8. Bg5
Qc7 9. Bxf6 gxf6 10. exd5 Bxc3+ 11. bxc3 Qxc3+ 12. Nd2 Nd7 13. O-O Nc5 14. Ne4
Nxe4 15. Bxe4 f5 16. Bf3 e4 17. Re1 Bd7 18. Qd3 Qxa1 19. Qe3 Qf6 20. Bxe4 fxe4
21. Qxe4+ Kf8 22. Qb4+ Kg7 23. Qxb7 Rhe8 24. Rd1 Bb5 25. d6 Rad8 26. g3 Rxd6
0-1

[Event "4NCL Division 4 South"]
[Site "Reading, ENG"]
[Date "2016.11.26"]
[Round "1.75"]
[White "Perrett, David C"]
[Black "Jaufarally, Mohammud"]
[Result "1-0"]
[WhiteElo "1957"]
[BlackElo "1480"]
[PlyCount "63"]
[EventDate "2016.11.26"]
[WhiteTeam "The Full Ponty"]
[BlackTeam "D&D Utd"]

1. d4 Nf6 2. Bg5 e6 3. e4 Be7 4. Bd3 d6 5. Nf3 Nc6 6. c3 h6 7. Bf4 Nh5 8. Be3
Nf6 9. h3 b6 10. Nbd2 Bb7 11. Qe2 O-O 12. O-O-O Qd7 13. g4 Nh7 14. Rhg1 g5 15.
e5 f5 16. exf6 Nxf6 17. h4 Nd8 18. hxg5 Bxf3 19. Nxf3 hxg5 20. Bxg5 Nf7 21.
Bxf6 Bxf6 22. g5 Bg7 23. Qe4 Rfe8 24. Rh1 e5 25. Rh7 exd4 26. Rxg7+ Kxg7 27.
Qh7+ Kf8 28. g6 Ne5 29. Qh8+ Ke7 30. Qh4+ Ke6 31. Nxd4+ Kd5 32. Qe4+ 1-0

[Event "4NCL Division 4 South"]
[Site "Reading, ENG"]
[Date "2016.11.26"]
[Round "1.76"]
[White "Jaufarally, Zahra"]
[Black "Thomas, Gary"]
[Result "0-1"]
[WhiteElo "1330"]
[BlackElo "1945"]
[PlyCount "38"]
[EventDate "2016.11.26"]
[WhiteTeam "D&D Utd"]
[BlackTeam "The Full Ponty"]

1. e4 Nc6 2. Nc3 g6 3. Nf3 Bg7 4. Bc4 d6 5. O-O Nf6 6. d3 O-O 7. a3 Ng4 8. Bd2
Nge5 9. Ba2 Bg4 10. Rb1 Nd4 11. Be3 Ndxf3+ 12. Kh1 e6 13. d4 Nxh2 14. f3 Nhxf3
15. gxf3 Qh4+ 16. Kg1 Qg3+ 17. Kh1 Nxf3 18. Bf4 Qh3+ 19. Bh2 Qxh2# 0-1

[Event "4NCL Division 4 South"]
[Site "Reading, ENG"]
[Date "2016.11.26"]
[Round "1.81"]
[White "Colburn, Paul J"]
[Black "Goodger, Martyn"]
[Result "1/2-1/2"]
[WhiteElo "1924"]
[BlackElo "2022"]
[PlyCount "96"]
[EventDate "2016.11.26"]
[WhiteTeam "Oxford 3"]
[BlackTeam "Poisoned Pawns 2"]

1. Nf3 f5 2. d3 Nc6 3. e4 e5 4. Nc3 Nf6 5. Bg5 Bb4 6. d4 exd4 7. Nxd4 fxe4 8.
Ndb5 Ba5 9. Qe2 a6 10. O-O-O axb5 11. Nxe4 O-O 12. Bxf6 gxf6 13. Qxb5 d6 14.
Bc4+ Kh8 15. f4 Bb6 16. Rhe1 Ra5 17. Qb3 Nd4 18. Qc3 c5 19. Bd5 Bg4 20. Rd3 Ra4
21. Qd2 Qd7 22. c3 Qf5 23. b3 Ra3 24. Bxb7 Nxb3+ 25. axb3 Ra1+ 26. Kb2 Rxe1 27.
Qxe1 Qxf4 28. Rxd6 Bc7 29. Ra6 Qxh2 30. Qf2 Be5 31. Qxc5 Rd8 32. Ra8 Rxa8 33.
Bxa8 Qxg2+ 34. Ka3 Be6 35. Bc6 Qg7 36. b4 f5 37. Ng5 Bg8 38. Nf3 Bxc3 39. Qxf5
Bb2+ 40. Ka4 Qa7+ 41. Qa5 Qf7 42. Qc5 Qb3+ 43. Kb5 Bf6 44. Ka6 Qa2+ 45. Qa5
Qc4+ 46. b5 Be6 47. Kb7 Bd5 48. Qb6 Bxf3 1/2-1/2

[Event "4NCL Division 4 South"]
[Site "Reading, ENG"]
[Date "2016.11.26"]
[Round "1.82"]
[White "Redman, David J"]
[Black "Terry, Sean"]
[Result "1-0"]
[WhiteElo "1937"]
[BlackElo "1923"]
[PlyCount "63"]
[EventDate "2016.11.26"]
[WhiteTeam "Poisoned Pawns 2"]
[BlackTeam "Oxford 3"]

1. d4 Nf6 2. c4 e6 3. Nc3 Bb4 4. Nf3 b6 5. Bg5 Bb7 6. e3 h6 7. Bh4 d6 8. Bd3
Bxc3+ 9. bxc3 Qe7 10. O-O e5 11. e4 O-O 12. Qe2 Nbd7 13. Nd2 g5 14. Bg3 Kg7 15.
Rfe1 h5 16. h4 Ng4 17. hxg5 Qxg5 18. Nf3 Qd8 19. Nh4 Rh8 20. Nf5+ Kg6 21. Bh4
f6 22. Qf3 Kf7 23. c5 bxc5 24. Bc4+ d5 25. exd5 Nb6 26. d6+ Nxc4 27. Qxb7 Nxd6
28. Nxd6+ Qxd6 29. dxe5 Nxe5 30. Rad1 Rab8 31. Rxd6 Rxb7 32. Rxf6+ 1-0

[Event "4NCL Division 4 South"]
[Site "Reading, ENG"]
[Date "2016.11.26"]
[Round "1.83"]
[White "Cole, Graham"]
[Black "McMahon, Paul"]
[Result "1/2-1/2"]
[WhiteElo "1834"]
[BlackElo "2000"]
[PlyCount "85"]
[EventDate "2016.11.26"]
[WhiteTeam "Oxford 3"]
[BlackTeam "Poisoned Pawns 2"]

1. e4 d5 2. exd5 Qxd5 3. Nc3 Qd6 4. d4 Nf6 5. Nf3 c6 6. g3 Bf5 7. Bg2 e6 8. O-O
Be7 9. a3 O-O 10. Bf4 Qd8 11. Re1 Nbd7 12. h3 Nb6 13. Nh4 Bg6 14. Nxg6 hxg6 15.
Qd3 Nfd5 16. Bd2 Rc8 17. Ne4 Nd7 18. c4 N5b6 19. Ba5 Ne5 20. Qc2 Nexc4 21. Bxb6
Nxb6 22. Rad1 Nd5 23. Nc3 Bd6 24. Nxd5 cxd5 25. Qd2 Qd7 26. Rc1 b5 27. Rxc8
Rxc8 28. Rc1 Rc7 29. Bf1 a6 30. Rxc7 Bxc7 31. a4 bxa4 32. Bxa6 e5 33. Kg2 exd4
34. Qxd4 Qc6 35. Be2 Bb6 36. Qd2 Qc5 37. Bf3 d4 38. Be4 Ba5 39. Qd1 Qb4 40. Qc2
Kh7 41. h4 f5 42. Bd3 Qd2 43. h5 1/2-1/2

[Event "4NCL Division 4 South"]
[Site "Reading, ENG"]
[Date "2016.11.26"]
[Round "1.84"]
[White "Ribbands, Patrick C"]
[Black "Neatherway, A Philip"]
[Result "0-1"]
[WhiteElo "1757"]
[BlackElo "1836"]
[PlyCount "54"]
[EventDate "2016.11.26"]
[WhiteTeam "Poisoned Pawns 2"]
[BlackTeam "Oxford 3"]

1. c4 e5 2. Nc3 Nf6 3. g3 d5 4. cxd5 Nxd5 5. Bg2 Nb6 6. d3 Nc6 7. Nf3 Be7 8.
O-O O-O 9. b3 f5 10. Bb2 Bf6 11. Rc1 Be6 12. Ba3 Re8 13. e3 Qd7 14. Qc2 Qf7 15.
Rfd1 Red8 16. Ne2 a5 17. Nc3 Rd7 18. Rd2 Rad8 19. Rcd1 g5 20. Bb2 g4 21. Ne1
Nb4 22. Qb1 c6 23. Ne2 a4 24. Qa1 axb3 25. Bxe5 Bxe5 26. Qxe5 Nc4 27. Qc3 Nxa2
0-1

[Event "4NCL Division 4 South"]
[Site "Reading, ENG"]
[Date "2016.11.26"]
[Round "1.85"]
[White "Henbest, Kevin B"]
[Black "Judkins, Brian D"]
[Result "0-1"]
[WhiteElo "1673"]
[BlackElo "1797"]
[PlyCount "120"]
[EventDate "2016.11.26"]
[WhiteTeam "Oxford 3"]
[BlackTeam "Poisoned Pawns 2"]

1. e4 e5 2. Nf3 Nf6 3. Nxe5 d6 4. Nf3 Nxe4 5. d4 d5 6. Be2 Nc6 7. O-O Be7 8.
Nbd2 Nxd2 9. Bxd2 Bg4 10. Bf4 O-O 11. Qd2 Re8 12. Rfe1 Bd6 13. a3 Ne7 14. Ne5
Bxe2 15. Rxe2 f6 16. Nd3 Nf5 17. Rxe8+ Qxe8 18. Re1 Qd7 19. Nc5 Bxc5 20. dxc5
c6 21. c4 Rd8 22. cxd5 Qxd5 23. Rd1 Qxd2 24. Rxd2 Rxd2 25. Bxd2 Kf7 26. Kf1 Ke6
27. Ke2 Kd5 28. b4 Kc4 29. a4 Ne7 30. b5 cxb5 31. axb5 Kxb5 32. Kd3 a6 33. Kd4
Kc6 34. g4 Ng6 35. Be3 Ne5 36. h3 Nd7 37. Kc4 b6 38. cxb6 Nxb6+ 39. Kd4 Kb5 40.
g5 fxg5 41. Bxg5 a5 42. Be7 Kc6 43. Ke5 Kd7 44. Bf8 Nc4+ 45. Kd4 Nd6 46. Kd5
Nf5 47. Ke5 g6 48. Kf6 a4 49. Ba3 Ke8 50. Ke6 Nd4+ 51. Kf6 Nc2 52. Bc5 a3 53.
Bxa3 Nxa3 54. Kg7 Nb5 55. Kxh7 Kf7 56. Kh6 Kf6 57. h4 Nd6 58. f4 Nf5+ 59. Kh7
Nxh4 60. Kh6 Kf5 0-1

[Event "4NCL Division 4 South"]
[Site "Reading, ENG"]
[Date "2016.11.26"]
[Round "1.86"]
[White "Sahinoz, Giulio O"]
[Black "Tselos, Aristotelis"]
[Result "0-1"]
[WhiteElo "1600"]
[BlackElo "1720"]
[PlyCount "68"]
[EventDate "2016.11.26"]
[WhiteTeam "Poisoned Pawns 2"]
[BlackTeam "Oxford 3"]

1. d4 d5 2. c4 e6 3. Nc3 Nf6 4. Bg5 Be7 5. Nf3 h6 6. Bh4 Nc6 7. e3 O-O 8. cxd5
Nxd5 9. Bxe7 Qxe7 10. Nxd5 exd5 11. h3 Bf5 12. Bd3 Qb4+ 13. Kf1 Bxd3+ 14. Qxd3
Qxb2 15. Rb1 Qxa2 16. Rxb7 Rab8 17. Rxc7 Rb1+ 18. Ne1 Rxe1+ 19. Kxe1 Qa5+ 20.
Ke2 Qxc7 21. Rc1 Qb6 22. Qf5 Ne7 23. Qd7 Qb2+ 24. Kd1 Qa3 25. Rc7 Qd3+ 26. Ke1
Rb8 27. Rb7 Qc3+ 28. Ke2 Rxb7 29. Qxb7 Qa3 30. Kf3 a5 31. Qa7 Qb4 32. Kf4 a4
33. e4 a3 34. Ke5 Nc6+ 0-1

[Event "4NCL Division 4 South"]
[Site "Reading, ENG"]
[Date "2016.11.26"]
[Round "1.91"]
[White "Bullen, Alex"]
[Black "Homolka, Vincent"]
[Result "1/2-1/2"]
[WhiteElo "2055"]
[BlackElo "1812"]
[PlyCount "125"]
[EventDate "2016.11.26"]
[WhiteTeam "West is Best 2"]
[BlackTeam "CSC Hippos (3)"]

1. e4 d5 2. exd5 Qxd5 3. Nc3 Qa5 4. g3 Nf6 5. Bg2 c6 6. Nge2 Bf5 7. b4 Qc7 8.
b5 e6 9. Rb1 c5 10. d3 Nbd7 11. O-O Be7 12. h3 Nb6 13. a4 Rd8 14. Bd2 O-O 15.
g4 Bg6 16. Ng3 Nbd5 17. Qf3 Nxc3 18. Bxc3 Nd5 19. Bb2 Rd7 20. Rbd1 Bf6 21. Bxf6
Nxf6 22. g5 Nd5 23. h4 Qf4 24. h5 Bf5 25. Nxf5 exf5 26. Qxf4 Nxf4 27. Rfe1 Nxg2
28. Kxg2 Rfd8 29. Re5 Rd5 30. Rde1 Kf8 31. Re7 R5d7 32. Rxd7 Rxd7 33. Re5 b6
34. Rxf5 Rd4 35. Kg3 Rxa4 36. g6 hxg6 37. hxg6 f6 38. Rh5 Ke7 39. f4 Ke6 40.
Kg4 Ra2 41. f5+ Ke5 42. Rh7 Rxc2 43. Rxg7 Rg2+ 44. Kf3 Rg1 45. Rxa7 Kxf5 46. g7
Ke5 47. Re7+ Kf5 48. Rb7 Ke5 49. Re7+ Kf5 50. Ke3 Rg2 51. Rb7 Ke5 52. Rxb6 Rg3+
53. Kd2 Rxg7 54. Rc6 Kd4 55. b6 Rg2+ 56. Kc1 Rg8 57. Kc2 f5 58. b7 Rb8 59. Rc7
f4 60. Rf7 f3 61. Kd2 Kd5 62. Ke3 Kc6 63. Kxf3 1/2-1/2

[Event "4NCL Division 4 South"]
[Site "Reading, ENG"]
[Date "2016.11.26"]
[Round "1.92"]
[White "Cooke, Charlie"]
[Black "Taylor, William J"]
[Result "0-1"]
[WhiteElo "1827"]
[BlackElo "2035"]
[PlyCount "53"]
[EventDate "2016.11.26"]
[WhiteTeam "CSC Hippos (3)"]
[BlackTeam "West is Best 2"]

1. d4 Nf6 2. c4 g6 3. Nc3 Bg7 4. e4 d6 5. Nf3 O-O 6. Bd3 e5 7. d5 a5 8. O-O Na6
9. Bd2 Nc5 10. Bc2 Bd7 11. Qe2 Nh5 12. Be3 b6 13. Qd2 f5 14. Bg5 Qe8 15. Ne1 f4
16. f3 Bf6 17. Bxf6 Rxf6 18. Nd3 g5 19. Kf2 g4 20. fxg4 Bxg4 21. Bd1 Qg6 22.
Bf3 Kh8 23. Rh1 Rg8 24. Rag1 Qg5 25. Bxg4 Qxg4 26. Ne1 Ng3 27. h3 0-1

[Event "4NCL Division 4 South"]
[Site "Reading, ENG"]
[Date "2016.11.26"]
[Round "1.93"]
[White "Spencer, Douglas"]
[Black "Cresswell, Mike J"]
[Result "1-0"]
[WhiteElo "1961"]
[BlackElo "1742"]
[PlyCount "73"]
[EventDate "2016.11.26"]
[WhiteTeam "West is Best 2"]
[BlackTeam "CSC Hippos (3)"]

1. c4 Nf6 2. Nc3 g6 3. d4 Bg7 4. e4 d6 5. Be2 Nbd7 6. Bg5 c5 7. d5 h6 8. Bf4
O-O 9. Qd2 Kh7 10. h4 Nb6 11. Nh3 Bxh3 12. Rxh3 Nfd7 13. O-O-O Ne5 14. b3 a5
15. a4 Nc8 16. Be3 Qb6 17. Nb5 f6 18. f4 Nf7 19. f5 gxf5 20. exf5 Na7 21. Bh5
Nxb5 22. Bg6+ Kh8 23. cxb5 Rac8 24. Qe2 Qc7 25. Kb1 Kg8 26. Rg3 Qd7 27. Rc1 c4
28. bxc4 Ne5 29. Qh5 Nxc4 30. Bxh6 Nd2+ 31. Kb2 e5 32. Bxg7 Qxg7 33. Bh7+ Kh8
34. Rxg7 Kxg7 35. Qg6+ Kh8 36. Bg8 Nc4+ 37. Rxc4 1-0

[Event "4NCL Division 4 South"]
[Site "Reading, ENG"]
[Date "2016.11.26"]
[Round "1.94"]
[White "Weaver, Lauren"]
[Black "Davies, Matthew"]
[Result "1-0"]
[WhiteElo "1664"]
[BlackElo "1956"]
[PlyCount "73"]
[EventDate "2016.11.26"]
[WhiteTeam "CSC Hippos (3)"]
[BlackTeam "West is Best 2"]

1. d4 d5 2. Nf3 Nf6 3. e3 Bf5 4. Bd3 Bxd3 5. Qxd3 c6 6. Nbd2 e6 7. O-O Bd6 8.
b3 Nbd7 9. Bb2 Qc7 10. c4 h6 11. h3 O-O-O 12. c5 Be7 13. b4 Rdg8 14. b5 cxb5
15. Qxb5 Qc6 16. a4 a6 17. Qxc6+ bxc6 18. Rab1 Kc7 19. Bc3 Rb8 20. Ba5+ Kc8 21.
Bb6 Nxb6 22. cxb6 a5 23. Rfc1 Kb7 24. Ne5 Rhc8 25. Nb3 Kxb6 26. Nxa5+ Ka6 27.
Naxc6 Rxb1 28. Rxb1 Bd6 29. Rc1 Rf8 30. f3 Bxe5 31. Nxe5 Kb7 32. a5 Ne8 33.
Rb1+ Kc7 34. a6 Nd6 35. Rc1+ Kd8 36. a7 Ke7 37. Rc7+ 1-0

[Event "4NCL Division 4 South"]
[Site "Reading, ENG"]
[Date "2016.11.26"]
[Round "1.95"]
[White "Staniforth, Matthew"]
[Black "Mason, Ian"]
[Result "1-0"]
[WhiteElo "1898"]
[BlackElo "1591"]
[PlyCount "47"]
[EventDate "2016.11.26"]
[WhiteTeam "West is Best 2"]
[BlackTeam "CSC Hippos (3)"]

1. e4 c5 2. Nf3 d6 3. d4 cxd4 4. Nxd4 Nf6 5. Nc3 a6 6. Be3 e5 7. Nb3 Be6 8. f3
Be7 9. Qd2 Nbd7 10. O-O-O O-O 11. g4 b5 12. g5 b4 13. Nb1 Ne8 14. f4 exf4 15.
Bxf4 a5 16. Nd4 Qb6 17. Nxe6 fxe6 18. Be3 Nc5 19. Bc4 Nc7 20. g6 a4 21. gxh7+
Kh8 22. Rhg1 Rf3 23. Rxg7 Rxe3 24. Qg2 1-0

[Event "4NCL Division 4 South"]
[Site "Reading, ENG"]
[Date "2016.11.26"]
[Round "1.96"]
[White "Turakhia, Aditya"]
[Black "Melsom, Jonathan T"]
[Result "0-1"]
[WhiteElo "700"]
[BlackElo "1692"]
[PlyCount "119"]
[EventDate "2016.11.26"]
[WhiteTeam "CSC Hippos (3)"]
[BlackTeam "West is Best 2"]

1. e4 e6 2. d4 d5 3. exd5 exd5 4. Bd3 Nf6 5. Bg5 Be7 6. Nf3 O-O 7. h3 h6 8. Bf4
c5 9. dxc5 Bxc5 10. O-O Nc6 11. c3 Re8 12. Nbd2 Ne4 13. Qc2 f5 14. b4 Bd6 15.
Bxd6 Qxd6 16. Rad1 Qf6 17. b5 Ne5 18. Nxe5 Qxe5 19. Rfe1 Qc7 20. Nxe4 dxe4 21.
Bf1 Be6 22. Rd4 Rac8 23. Re3 Red8 24. Rxd8+ Rxd8 25. c4 Qc5 26. a3 Rd4 27. Rc3
f4 28. Qc1 g5 29. Qc2 Bf5 30. Qc1 b6 31. h4 Bg4 32. hxg5 hxg5 33. Qc2 Bf5 34.
Qc1 Rd7 35. g3 Qe5 36. Bg2 Bg4 37. Bf1 Bf3 38. Qc2 Qh8 39. Rxf3 exf3 40. Qg6+
Qg7 41. Qe8+ Kh7 42. Qe4+ Qg6 43. Qxf3 fxg3 44. Qxg3 Kg7 45. Qg4 Rf7 46. Be2
Qf6 47. Qg3 Re7 48. Bh5 Qf4 49. Qxf4 gxf4 50. Bf3 Re1+ 51. Kg2 Ra1 52. Kh3 Kf6
53. Kg4 Ke5 54. Bd5 Rxa3 55. f3 Ra1 56. Kh3 Rg1 57. Kh4 Kd4 58. Kh3 Ke3 59. Kh4
Rg3 60. Bc6 0-1

[Event "4NCL Division 4 South"]
[Site "Reading, ENG"]
[Date "2016.11.26"]
[Round "1.101"]
[White "Ng Chung Lok Andrew"]
[Black "Allison, Conrad"]
[Result "1-0"]
[WhiteElo "1930"]
[BlackElo "1952"]
[PlyCount "77"]
[EventDate "2016.11.26"]
[WhiteTeam "Wood Green MM 2"]
[BlackTeam "Kent Kestrels"]

1. d4 Nf6 2. c4 g6 3. Nc3 Bg7 4. e4 d6 5. Be2 O-O 6. Nf3 e5 7. d5 a5 8. Bg5 h6
9. Be3 Ng4 10. Bd2 f5 11. h3 Nf6 12. exf5 gxf5 13. Qc1 Kh7 14. g4 e4 15. Nd4
Nxd5 16. cxd5 Bxd4 17. Nb5 Bc5 18. Bxh6 Rf7 19. Be3 Na6 20. Nd4 Qf6 21. Nb3 b6
22. g5 Qg6 23. Nxc5 Nxc5 24. h4 f4 25. Bxf4 Bg4 26. h5 Bxh5 27. Bxh5 Nd3+ 28.
Kf1 Nxc1 29. Bxg6+ Kxg6 30. Bxc1 Rf5 31. Rh6+ Kg7 32. Ke2 Rxd5 33. Be3 Rf8 34.
Rah1 c5 35. Re6 c4 36. Rhh6 Rb5 37. Bd4+ Kf7 38. Rhf6+ Kg8 39. g6 1-0

[Event "4NCL Division 4 South"]
[Site "Reading, ENG"]
[Date "2016.11.26"]
[Round "1.102"]
[White "Watson, Mikey J"]
[Black "Dias, Savin"]
[Result "1/2-1/2"]
[WhiteElo "1727"]
[BlackElo "1810"]
[PlyCount "50"]
[EventDate "2016.11.26"]
[WhiteTeam "Kent Kestrels"]
[BlackTeam "Wood Green MM 2"]

1. Nf3 Nf6 2. c4 e6 3. g3 b6 4. Bg2 Bb7 5. d4 Bb4+ 6. Bd2 Bxd2+ 7. Nbxd2 d5 8.
O-O Nbd7 9. Rc1 Rc8 10. Re1 c5 11. cxd5 Bxd5 12. e4 Bb7 13. e5 Nd5 14. Nc4 O-O
15. Nd6 Rb8 16. Nh4 Ba8 17. Qg4 cxd4 18. Qxd4 Nc5 19. b4 Nd7 20. f4 g6 21. a3
b5 22. Nf3 a6 23. Ng5 N7b6 24. Bh3 Qe7 25. Nge4 Nc8 1/2-1/2